• 首页
  • 本馆介绍
  • 公告通知
  • 最新文献
  • 馆藏检索
  • 电子资源
  • 读者导购
  • 参考咨询
  • 我的图书馆
  • 登录
  • 详细信息显示
  • 放入我的书架
  • 预约/预借图书
  • 作者相关作品
  • 分类相关作品
  • 丛书相关作品
  • 出版社相关作品

书目信息

  • 表格格式
  • 工作单格式
  • 卡片格式
题名:
中国古代的宗族和祠堂
    
 
作者: 冯尔康 著
分册:  
出版信息: 北京   商务印书馆  2013
页数: 274页
开本: 21cm
丛书名: 中国古代生活丛书
单 册:
中图分类: K820.9 , K928.75
科图分类:
主题词: 宗族--研究--中国--古代 , 祠堂--研究--中国--古代 , 宗族 , 祠堂
电子资源:
ISBN: 978-7-100-08922-7
000 01080nam0 2200301 450
001 523
005 20140910110036.54
010    @a978-7-100-08922-7@dCNY24.00
100    @a20130617d2013 em y0chiy50 ea
101 0  @achi
102    @aCN@b110000
105    @aa z 000yy
106    @ar
200 1  @a中国古代的宗族和祠堂@AZhong Guo Gu Dai De Zong Zu He Ci Tang@f冯尔康著@FFeng Er Kang Zhu
210    @a北京@c商务印书馆@d2013
215    @a274页@c图,照片@d21cm
225 2  @a中国古代生活丛书
330    @a本书从叙述当代中国和海外华人社会的宗亲活动开始,分析了宗族社会形态文化,是一部鲜活生动的宗族社会简史。全书分八章,主要包括:宗族的结构与演变;宗族的祠堂祭祖;宗族教化活动与族人社会生活;族人间互助互济的经济生活;家族政治下的族人生活等内容。
461  0 @12001 @a中国古代生活丛书
606 0  @a宗族@x研究@y中国@z古代
606 0  @a祠堂@x研究@y中国@z古代
606 0  @a宗族
606 0  @a祠堂
690    @aK820.9@v5
690    @aK928.75@v5
701  0 @a冯尔康@AFeng Er Kang@f(1934~)@4著
801  0 @aCN@bTANGWEI@c20140603
905    @b0839719-21@dK820.9@e147@f3
    
    中国古代的宗族和祠堂/冯尔康著.-北京:商务印书馆,2013
    274页:图,照片;21cm.-(中国古代生活丛书)
    
    
    ISBN 978-7-100-08922-7:CNY24.00
    本书从叙述当代中国和海外华人社会的宗亲活动开始,分析了宗族社会形态文化,是一部鲜活生动的宗族社会简史。全书分八章,主要包括:宗族的结构与演变;宗族的祠堂祭祖;宗族教化活动与族人社会生活;族人间互助互济的经济生活;家族政治下的族人生活等内容。
●
相关链接 在E读中查询图书 在五车中查询图书 在当当中查询图书 在豆瓣中查询图书


正题名:中国古代的宗族和祠堂     索取号:K820.9/147         预约/预借

序号 登录号 条形码 馆藏地/架位号 状态 备注
1 0839719   208397199   第二样本阅览室/ [索取号:K820.9/147] 在馆    
2 0839720   208397206   第二借阅区/ [索取号:K820.9/147] 在馆    
3 0839721   208397215   第二借阅区/ [索取号:K820.9/147] 在馆    
唐山师范学院图书馆 欢迎您!
大连网信软件有限公司© 版权所有